Welcome to CU Library Online Public Access Catalogue (OPAC)

Introduction to fluid mechanics / (Record no. 8455)

MARC details
000 -LEADER
fixed length control field 00638cam a2200205 a 4500
001 - CONTROL NUMBER
control field 17057523
005 - DATE AND TIME OF LATEST TRANSACTION
control field 20251129153912.0
008 - FIXED-LENGTH DATA ELEMENTS--GENERAL INFORMATION
fixed length control field 111125s2009 nyua b 001 0 eng
020 ## - INTERNATIONAL STANDARD BOOK NUMBER
International Standard Book Number 9780471742999
Qualifying information acid-free paper
050 00 - LIBRARY OF CONGRESS CALL NUMBER
Classification number TA357
Item number .F69 2009
100 1# - MAIN ENTRY--PERSONAL NAME
Personal name Fox, Robert W.,
Dates associated with a name 1934-
245 10 - TITLE STATEMENT
Title Introduction to fluid mechanics /
Statement of responsibility, etc. Robert W. Fox, Philip J. Pritchard, Alan T. McDonald.
250 ## - EDITION STATEMENT
Edition statement 7th ed.
260 ## - PUBLICATION, DISTRIBUTION, ETC.
Place of publication, distribution, etc. Hoboken, N.J.:
Name of publisher, distributor, etc. Wiley,
Date of publication, distribution, etc. c2009.
300 ## - PHYSICAL DESCRIPTION
Extent xiv, 752 p. :
Other physical details ill. ;
Dimensions 29 cm.
650 #0 - SUBJECT ADDED ENTRY--TOPICAL TERM
Topical term or geographic name entry element Fluid mechanics.
700 1# - ADDED ENTRY--PERSONAL NAME
Personal name Pritchard, Philip J.
700 1# - ADDED ENTRY--PERSONAL NAME
Personal name McDonald, Alan T.
942 ## - ADDED ENTRY ELEMENTS (KOHA)
Source of classification or shelving scheme Library of Congress Classification
Koha item type Books
Edition 7th ed.
Suppress in OPAC No
999 ## -
-- 8455
-- 8455
Holdings
Withdrawn status Lost status Source of classification or shelving scheme Damaged status Not for loan Collection Home library Current library Shelving location Date acquired Total checkouts Full call number Barcode Date last seen Copy number Price effective from Koha item type
    Library of Congress Classification     Non-fiction Science Library (Miotso) Science Library (Miotso) General stacks 11/29/2025   TA357 .F69 FOX SLM00006449 11/29/2025 1 11/29/2025 Books
    Library of Congress Classification     Non-fiction Science Library (Miotso) Science Library (Miotso) General stacks 11/29/2025   TA357 .F69 FOX SLM00006450 11/29/2025 2 11/29/2025 Books
© 2023-2024 Copyright: Central University Libraries. All Rights Reserved | Created by: Mahone Tech Office